Sanat - ”Äärirajoille” - Cheek - Statistics

Yleistilastot
  • Tätä visaa on pelattu 447 kertaa
  • Keskiarvotulos 129 / 232
Vastaustilastot
Sanat % Oikein
äärirajoille,
97%
äärirajoille
97%
Vien
92%
tän
90%
sua
81%
ku
77%
76%
varten
76%
et
75%
ja
75%
vaan
72%
Vaan
72%
en
71%
tää
71%
Tää
71%
70%
Mun
70%
mun
70%
Mut
70%
mut
70%
mennä
69%
antaa
67%
jos
67%
oo
67%
nii
66%
tiedä,
66%
tiedä
66%
enää
65%
luottaa,
65%
täytyy
65%
vaik
65%
kuvittelen
64%
lennän
64%
niin
64%
silmät,
64%
Suljen
64%
haluatko
63%
elää
61%
tahdot,
61%
Vaikka
61%
ei
60%
kauan
60%
että
54%
on
54%
kjun
50%
kun
50%
Kun
50%
kantaa
48%
siivet
47%
sitä
46%
elossa
45%
nää
44%
selviikö
44%
ettei
43%
pelota
43%
Rohkeus
42%
uskaltaa
42%
hajoilee
41%
hyppää
41%
voi
41%
pääni
40%
sille
38%
elämän
37%
Musiikki
37%
koko
34%
Menin
34%
ääni
33%
sanoille
33%
pelkää
31%
sillä
31%
hävii
30%
välii
30%
voittajat
30%
miten
29%
Kävi
27%
kävi
27%
Annan
26%
kuljettaa
26%
Tiedän
26%
paikka
23%
paskaan
23%
astuu
22%
sua varten
22%
kukaan
21%
maailmas
21%
pysty
21%
Fordin
20%
suuri
20%
toisinaan
20%
kengilläkin
19%
kestävää
19%
skulaa
19%
estämään
18%
kaiken
18%
Tom
18%
mutta
17%
vastatuuli
16%
suuni
15%
vastuu
15%
tuuli
14%
duuni
13%
joukon
13%
kärjessä
13%
kasvaa
13%
mukana
13%
muukin
13%
tänne
13%
vallan
13%
jokin
12%
marssii
12%
mieles
12%
Pidä
12%
tuonu
12%
antavani
10%
muuri
10%
vannon
8%
cooli,
7%
crewni
7%
vastaa
4%
Vi-vi
3%
silmillehyppiöit
2%
Ehtoja vastaavia visoja ei löytynyt
Tulosjakauma
Jokaisen tuloksen saaneiden osuus
Persentiili vastausten määrän mukaan
Tuloshistoriasi
Et ole pelannut tätä visaa